[Event "5. OPEN International Championship of Vo"]
[Site "Novi Sad"]
[Date "2014.07.16"]
[Round "6.1"]
[White "Drazic, Sinisa"]
[Black "Azaladze, Shota"]
[Result "1/2-1/2"]
[WhiteElo "2430"]
[BlackElo "2499"]
[PlyCount "145"]
[EventDate "2014.07.12"]

1. d4 Nf6 2. Nf3 g6 3. c4 Bg7 4. Nc3 c5 5. g3 Qa5 6. Qa4 Qxa4 7. Nxa4 Na6 8.
Nxc5 Nxc5 9. dxc5 Ne4 10. Rb1 Nxc5 11. Be3 d6 12. Nd4 a6 13. Bg2 Rb8 14. b4 Ne6
15. Nb3 Bc3+ 16. Bd2 Bxd2+ 17. Kxd2 Bd7 18. c5 Bc6 19. Bxc6+ bxc6 20. cxd6 exd6
21. Rhc1 Kd7 22. a3 Rb5 23. Rc2 Rhb8 24. Rcb2 Rd5+ 25. Ke1 g5 26. h3 f5 27. e3
f4 28. Rd2 fxg3 29. fxg3 Re5 30. Ke2 Nc7 31. Rd3 Nd5 32. Nd4 Rbe8 33. Rbb3 Rf8
34. Rb1 h5 35. Nf3 Ref5 36. Rf1 Re8 37. Nd2 Rxf1 38. Nxf1 h4 39. Kf3 Rf8+ 40.
Ke2 g4 41. hxg4 h3 42. g5 Rh8 43. Nh2 Rg8 44. e4 Ne7 45. g4 Ng6 46. Rf3 Re8 47.
Rf7+ Re7 48. Rxe7+ Kxe7 49. Kf2 c5 50. Nf3 Nf4 51. bxc5 dxc5 52. Kg3 Ne6 53.
Kxh3 c4 54. Kh4 c3 55. Ne1 Nd4 56. Kh5 c2 57. Nd3 Ne6 58. Nc1 Nc5 59. Kh6 Nxe4
60. g6 Kf8 61. Kh7 Ng5+ 62. Kh8 Ne6 63. a4 a5 64. Kh7 Ng5+ 65. Kh8 Ne6 66. Nb3
Ng7 67. Kh7 Ne6 68. Nc1 Ng5+ 69. Kh8 Ne6 70. Na2 Ng7 71. Kh7 Ne6 72. Nc1 Ng5+
73. Kh8 1/2-1/2

[Event "5. OPEN International Championship of Vo"]
[Site "Novi Sad"]
[Date "2014.07.16"]
[Round "6.2"]
[White "Saric, Sinisa"]
[Black "Egorov, Evgeny"]
[Result "1-0"]
[WhiteElo "2400"]
[BlackElo "2358"]
[PlyCount "66"]
[EventDate "2014.07.12"]

1. d4 Nf6 2. c4 b6 3. Nc3 Bb7 4. f3 Nc6 5. d5 Ne5 6. e4 Ng6 7. f4 e6 8. e5 Ng8
9. Nf3 Bb4 10. Bd3 N6e7 11. O-O Bxc3 12. bxc3 exd5 13. Ng5 h6 14. Qh5 g6 15.
Qh3 dxc4 16. Bxc4 Bd5 17. Bxd5 Nxd5 18. c4 Nb4 19. Bb2 Qe7 20. Nxf7 Rh7 21. e6
dxe6 22. Ne5 O-O-O 23. Qf3 c6 24. a3 Qc5+ 25. Kh1 Nc2 26. Rac1 Ne3 27. Rfe1 Nf5
28. Nxc6 Rd2 29. Ne5 Kb8 30. Nd3 Nd4 31. Qe3 Rxd3 32. Qxd3 Nc6 33. Qxg6 Qf5 1-0

[Event "5. OPEN International Championship of Vo"]
[Site "Novi Sad"]
[Date "2014.07.16"]
[Round "6.3"]
[White "Savic, Miodrag R"]
[Black "Tosic, Miroslav"]
[Result "1-0"]
[WhiteElo "2522"]
[BlackElo "2427"]
[PlyCount "133"]
[EventDate "2014.07.12"]

1. e4 Nc6 2. Nf3 e5 3. Bb5 a6 4. Ba4 Nf6 5. O-O Be7 6. Re1 b5 7. Bb3 O-O 8. h3
d6 9. c3 Bb7 10. d4 Re8 11. Nbd2 Bf8 12. d5 Ne7 13. Nf1 h6 14. Ng3 Ng6 15. Nh2
Bc8 16. Be3 Bd7 17. Bc2 Qc8 18. Nh5 Qd8 19. Ng3 Qc8 20. Nh5 Qd8 21. a4 Nxh5 22.
Qxh5 Nf4 23. Qf3 g5 24. axb5 axb5 25. Rxa8 Qxa8 26. h4 Qd8 27. hxg5 Qxg5 28.
Kh1 Qh5 29. g3 Qxf3+ 30. Nxf3 Ng6 31. Ra1 c6 32. Ra7 Re7 33. dxc6 Bxc6 34. Ra6
Rc7 35. Kh2 Kg7 36. Nd2 d5 37. Bb6 Rc8 38. exd5 Bxd5 39. Ra5 Bc6 40. Ra7 Bd5
41. Bf5 Rc6 42. Be3 b4 43. c4 Bxc4 44. Bd7 Bd5 45. Bxc6 Bxc6 46. Rc7 Bd5 47.
Bc5 Kf6 48. Bxf8 Nxf8 49. Rc5 Ke6 50. Rb5 Nd7 51. Rxb4 h5 52. Kh3 Nf6 53. f3
Kf5 54. Kh4 Kg6 55. Rb6 Be6 56. Rb8 Nd5 57. Rg8+ Kh7 58. Re8 Kg6 59. Nc4 Nf6
60. Rxe6 fxe6 61. Nxe5+ Kh6 62. b4 Nd5 63. b5 Nb6 64. f4 Nc8 65. Nc4 Ne7 66. b6
Nc6 67. b7 1-0

[Event "5. OPEN International Championship of Vo"]
[Site "Novi Sad"]
[Date "2014.07.16"]
[Round "6.5"]
[White "Arsovic, Zoran"]
[Black "Ratkovic, Milovan"]
[Result "1/2-1/2"]
[WhiteElo "2433"]
[BlackElo "2295"]
[PlyCount "80"]
[EventDate "2014.07.12"]

1. Nf3 d5 2. g3 Nf6 3. Bg2 c6 4. O-O Bf5 5. c4 e6 6. cxd5 exd5 7. d3 Be7 8. Qb3
Qb6 9. Qc2 O-O 10. Nc3 Nbd7 11. e4 Bg6 12. Nh4 Ng4 13. Na4 Qd4 14. Nf3 Qb4 15.
a3 Qb5 16. Nc3 Qa6 17. h3 Ngf6 18. Nh4 Nh5 19. Nxg6 fxg6 20. exd5 Ne5 21. Qe2
Bd6 22. Be3 Rae8 23. dxc6 Nxc6 24. d4 Qa5 25. Qc4+ Kh8 26. Ne4 Be7 27. Nc5 Bxc5
28. Qxc5 Qd8 29. Rad1 h6 30. Qc3 Ne7 31. d5 Nf5 32. Bc1 Qb6 33. Kh2 Re2 34. Rd2
Nfxg3 35. Rxe2 Nxe2 36. Qe3 Qd6+ 37. Kh1 Nef4 38. Qe4 Rf5 39. Rd1 Rg5 40. Bf3
Qd7 1/2-1/2

[Event "5. OPEN International Championship of Vo"]
[Site "Novi Sad"]
[Date "2014.07.16"]
[Round "6.6"]
[White "Erdogdu, Mert"]
[Black "Desnica, Vladan"]
[Result "1/2-1/2"]
[WhiteElo "2423"]
[BlackElo "2254"]
[PlyCount "130"]
[EventDate "2014.07.12"]

1. e4 e5 2. Nf3 Nc6 3. Bc4 Nf6 4. d3 Bc5 5. c3 a6 6. Bb3 Ba7 7. h3 h6 8. Nbd2
O-O 9. O-O d6 10. Re1 Nh5 11. Nf1 Qf6 12. Ne3 Nf4 13. Ng4 Bxg4 14. hxg4 Qg6 15.
Bxf4 exf4 16. d4 Qxg4 17. Qd3 Ne7 18. Bc2 g6 19. Qd2 h5 20. Nh2 Qg5 21. g3 c5
22. dxc5 Bxc5 23. Qxf4 Qxf4 24. gxf4 Rad8 25. Rad1 Kg7 26. Nf3 Ng8 27. Re2 Nf6
28. Ng5 Ng4 29. Bb3 Rde8 30. Kg2 Re7 31. Rd3 Rfe8 32. f3 Nf6 33. Red2 h4 34.
Bc2 Nh5 35. Nh3 Rc8 36. a3 b5 37. Bb3 a5 38. Bd5 Rcc7 39. Ba2 Ra7 40. Bb1 b4
41. cxb4 axb4 42. axb4 Bxb4 43. Rd1 Bc5 44. Rb3 Reb7 45. Bc2 Rxb3 46. Bxb3 Rb7
47. Rd3 Kf6 48. Kf1 Ke7 49. Ke1 Ra7 50. Kd2 Bb4+ 51. Kc2 Ra1 52. Rd1 Rxd1 53.
Kxd1 Bc5 54. Bc4 Be3 55. f5 gxf5 56. exf5 Nf6 57. Ke2 Bd4 58. b4 d5 59. Bd3 Nh5
60. f4 Bb6 61. Kf3 Nf6 62. Ng5 Bc7 63. b5 Nh5 64. Nh3 Nf6 65. Ng5 Nh5 1/2-1/2

[Event "5. OPEN International Championship of Vo"]
[Site "Novi Sad"]
[Date "2014.07.16"]
[Round "6.7"]
[White "Doric, Nenad"]
[Black "Nestorovic, Dejan"]
[Result "1/2-1/2"]
[WhiteElo "2316"]
[BlackElo "2408"]
[PlyCount "29"]
[EventDate "2014.07.12"]

1. d4 Nf6 2. c4 e6 3. Nc3 Bb4 4. e3 b6 5. Nge2 c5 6. a3 Ba5 7. Rb1 Na6 8. g3
Bb7 9. d5 exd5 10. Bg2 O-O 11. O-O Bxc3 12. Nxc3 Nc7 13. cxd5 d6 14. e4 Nd7 15.
Re1 1/2-1/2

[Event "5. OPEN International Championship of Vo"]
[Site "Novi Sad"]
[Date "2014.07.16"]
[Round "6.8"]
[White "Jovic, Stevan"]
[Black "Leskur, Dejan"]
[Result "1-0"]
[WhiteElo "2254"]
[BlackElo "2393"]
[PlyCount "41"]
[EventDate "2014.07.12"]

1. d4 g6 2. c4 Bg7 3. Nf3 c5 4. d5 Nf6 5. Nc3 O-O 6. e4 d6 7. Bd3 e5 8. Bd2 Na6
9. Nb5 Nh5 10. g3 h6 11. a3 Nc7 12. Nxc7 Qxc7 13. Be2 Nf6 14. Qc2 Ne8 15. Bd3
f5 16. Nh4 Qf7 17. f3 Bd7 18. O-O a6 19. exf5 gxf5 20. g4 f4 21. Bg6 1-0

[Event "5. OPEN International Championship of Vo"]
[Site "Novi Sad"]
[Date "2014.07.16"]
[Round "6.9"]
[White "Napoli, Nicolo'"]
[Black "Obodchuk, Andrei"]
[Result "1/2-1/2"]
[WhiteElo "2267"]
[BlackElo "2374"]
[PlyCount "62"]
[EventDate "2014.07.12"]

1. e4 c5 2. c3 d5 3. exd5 Qxd5 4. d4 Nf6 5. Nf3 Nc6 6. dxc5 Qxd1+ 7. Kxd1 e5 8.
Be3 Nd5 9. Bb5 f6 10. Nbd2 Nxe3+ 11. fxe3 Bxc5 12. Ke2 Ke7 13. Rhd1 a6 14. Ne4
Bb6 15. Bc4 Bd7 16. Bd5 f5 17. Ng3 Bc7 18. e4 g6 19. Rd2 f4 20. Nh1 Rad8 21.
Rad1 Kf6 22. Nf2 Bc8 23. b4 g5 24. h3 h5 25. h4 g4 26. Ng5 g3 27. Nd3 Ne7 28.
Nc5 Bg4+ 29. Nf3 Nxd5 30. Rxd5 Rxd5 31. Rxd5 Rd8 1/2-1/2

[Event "5. OPEN International Championship of Vo"]
[Site "Novi Sad"]
[Date "2014.07.16"]
[Round "6.10"]
[White "Pardic, Oliver"]
[Black "Mrkonjic, Nenad"]
[Result "0-1"]
[WhiteElo "2242"]
[BlackElo "2373"]
[PlyCount "50"]
[EventDate "2014.07.12"]

1. Nf3 d5 2. d4 Nf6 3. Bf4 Bf5 4. e3 c6 5. Nc3 Nbd7 6. Ne5 h6 7. Bd3 Bxd3 8.
Nxd3 e6 9. O-O Be7 10. Kh1 O-O 11. g4 Nh7 12. Rg1 c5 13. Rg2 Rc8 14. h4 Bxh4
15. g5 Bxg5 16. Bd6 cxd4 17. exd4 Re8 18. f4 Bf6 19. Qh5 Bxd4 20. Ne5 Bxe5 21.
fxe5 Rc4 22. Rh2 Qg5 23. Qh3 Qg4 24. Qe3 Ng5 25. Rf1 d4 0-1

[Event "5. OPEN International Championship of Vo"]
[Site "Novi Sad"]
[Date "2014.07.16"]
[Round "6.11"]
[White "Strebkovs, Andrejs"]
[Black "Sorgic, Dragan"]
[Result "0-1"]
[WhiteElo "2357"]
[BlackElo "2238"]
[PlyCount "79"]
[EventDate "2014.07.12"]

1. d4 Nf6 2. c4 g6 3. Nc3 Bg7 4. e4 d6 5. f3 O-O 6. Be3 e5 7. Nge2 c6 8. Qb3
Nbd7 9. O-O-O Re8 10. g4 Qa5 11. Ng3 exd4 12. Bxd4 Bh6+ 13. Kb1 Bf4 14. Nge2
Be5 15. h4 Nc5 16. Qc2 Qb4 17. Nc1 Ne6 18. Bf2 Nf4 19. Nb3 c5 20. Nb5 Nxg4 21.
fxg4 Bxg4 22. Nc7 a5 23. a3 Qb6 24. Nxa8 Rxa8 25. Re1 a4 26. Nc1 Ra6 27. Nd3
Nxd3 28. Bxd3 Qd8 29. Ka2 Rb6 30. Rb1 Rb3 31. Be1 Be6 32. Bc3 Qf6 33. Bxe5 Qxe5
34. Rhd1 b5 35. Bf1 b4 36. axb4 cxb4 37. Qf2 Qxe4 38. Rxd6 Re3 39. Qf6 Qxc4+
40. Ka1 0-1

[Event "5. OPEN International Championship of Vo"]
[Site "Novi Sad"]
[Date "2014.07.16"]
[Round "6.12"]
[White "Erden, Kadir"]
[Black "Draskovic, Luka"]
[Result "1/2-1/2"]
[WhiteElo "2181"]
[BlackElo "2340"]
[PlyCount "66"]
[EventDate "2014.07.12"]

1. d4 Nf6 2. Bg5 e6 3. e4 h6 4. Bxf6 Qxf6 5. Nc3 d6 6. Qd2 Nd7 7. f4 g5 8. f5
a6 9. O-O-O Bg7 10. g4 e5 11. d5 h5 12. Be2 hxg4 13. Bxg4 Qe7 14. Nf3 Bf6 15.
Kb1 Nb6 16. Ne2 Bd7 17. Ng3 O-O-O 18. Qb4 Kb8 19. c4 Ka7 20. Rc1 c6 21. Qd2 c5
22. Nh5 Rdg8 23. h3 Qd8 24. b3 Be7 25. a4 f6 26. a5 Na8 27. Kc2 Be8 28. Ng3 Bf7
29. Kd3 b6 30. Ra1 bxa5 31. Rxa5 Qb6 32. Ra3 Nc7 33. Ke2 Rh7 1/2-1/2

[Event "5. OPEN International Championship of Vo"]
[Site "Novi Sad"]
[Date "2014.07.16"]
[Round "6.13"]
[White "Damljanovic, Branko"]
[Black "Pasko, Llambi"]
[Result "0-1"]
[WhiteElo "2562"]
[BlackElo "2285"]
[PlyCount "108"]
[EventDate "2014.07.12"]

1. d4 Nf6 2. c4 g6 3. Nc3 Bg7 4. e4 d6 5. Nf3 O-O 6. Be2 e5 7. O-O Nc6 8. d5
Ne7 9. a4 Nd7 10. a5 f5 11. Ng5 Nf6 12. exf5 gxf5 13. f4 e4 14. Be3 h6 15. Nh3
c5 16. Nf2 Bd7 17. Kh1 Qe8 18. Qd2 Ng4 19. Bxg4 fxg4 20. Nfxe4 Nf5 21. Bf2 Qg6
22. Ra3 Rae8 23. Ng3 Nxg3+ 24. Bxg3 Bf5 25. Rb3 Rf7 26. Rc1 Rfe7 27. Re1 Rxe1+
28. Bxe1 Bc2 29. Rxb7 Qd3 30. Rxg7+ Kxg7 31. Qf2 Qxc4 32. Bd2 Qd4 33. Kg1 Bd3
34. Nd1 Qxf2+ 35. Nxf2 Be2 36. Nh1 Bc4 37. Ng3 Bxd5 38. Kf2 Be4 39. f5 d5 40.
b4 cxb4 41. Bxb4 Kf7 42. Bc5 a6 43. Bb6 Rc8 44. Ke3 Bxg2 45. Ne2 Re8+ 46. Kf2
Be4 47. Ng3 Rc8 48. Ke3 Bf3 49. Bd4 Rc2 50. f6 Be4 51. Nf1 Ra2 52. Kf4 Rxa5 53.
Ke5 Ra4 54. Ne3 h5 0-1

[Event "5. OPEN International Championship of Vo"]
[Site "Novi Sad"]
[Date "2014.07.16"]
[Round "6.14"]
[White "Cengija, Vanja"]
[Black "Atalik, Suat"]
[Result "0-1"]
[WhiteElo "2263"]
[BlackElo "2550"]
[PlyCount "54"]
[EventDate "2014.07.12"]

1. d4 Nf6 2. c4 e6 3. Nf3 b6 4. Nc3 Bb7 5. Bg5 h6 6. Bh4 Be7 7. e3 O-O 8. Be2
d5 9. O-O Nbd7 10. cxd5 Nxd5 11. Nxd5 Bxd5 12. Bxe7 Qxe7 13. Nd2 c5 14. Bf3
cxd4 15. Bxd5 exd5 16. exd4 Qb4 17. Nb3 Rac8 18. Rc1 Qa4 19. a3 Nf6 20. Qf3 Qb5
21. h3 Ne4 22. Rfe1 a5 23. Rxc8 Rxc8 24. Qf5 Nd6 25. Qf3 a4 26. Qf4 Rd8 27. Nc1
Qxb2 0-1

[Event "5. OPEN International Championship of Vo"]
[Site "Novi Sad"]
[Date "2014.07.16"]
[Round "6.16"]
[White "Kadric, Denis"]
[Black "Stocko, Josip"]
[Result "1-0"]
[WhiteElo "2494"]
[BlackElo "2269"]
[PlyCount "67"]
[EventDate "2014.07.12"]

1. e4 c5 2. Nc3 d6 3. f4 Nc6 4. Nf3 a6 5. d4 cxd4 6. Nxd4 e5 7. Nf3 Nf6 8. fxe5
Nxe5 9. Nxe5 dxe5 10. Qxd8+ Kxd8 11. Bg5 Be6 12. O-O-O+ Kc7 13. Bxf6 gxf6 14.
Nd5+ Bxd5 15. Rxd5 h5 16. Be2 h4 17. Bg4 Bh6+ 18. Kb1 Rad8 19. c4 Rxd5 20. cxd5
Rg8 21. h3 Kd6 22. Rf1 Bf4 23. Rf3 Re8 24. Rb3 Rb8 25. Rb6+ Ke7 26. d6+ Kd8 27.
Rb3 Ke8 28. Kc2 Bh6 29. Rc3 Rd8 30. d7+ Ke7 31. Rc7 b6 32. Kd3 Kd6 33. Rc8 Ke7
34. Rc6 1-0

[Event "5. OPEN International Championship of Vo"]
[Site "Novi Sad"]
[Date "2014.07.16"]
[Round "6.17"]
[White "Ratsma, Midas"]
[Black "Radlovacki, Jovan"]
[Result "0-1"]
[WhiteElo "2123"]
[BlackElo "2443"]
[PlyCount "68"]
[EventDate "2014.07.12"]

1. d4 Nf6 2. c4 d6 3. Nc3 e5 4. Nf3 e4 5. Ng5 Qe7 6. e3 h6 7. Nh3 g5 8. f3 exf3
9. gxf3 c5 10. d5 Nbd7 11. Nf2 Ne5 12. Be2 Bf5 13. h4 Rg8 14. hxg5 hxg5 15. Rg1
O-O-O 16. e4 g4 17. f4 g3 18. fxe5 gxf2+ 19. Kxf2 Nxe4+ 20. Nxe4 Qh4+ 21. Ng3
dxe5 22. Qb3 e4 23. Rh1 Bh3 24. Bf1 Qf6+ 25. Ke1 Bxf1 26. Nxf1 Bd6 27. Bd2 Kb8
28. Kd1 Rg2 29. Qh3 Rdg8 30. Bc3 Qf2 31. Qe3 Qf5 32. Nd2 Bf4 33. Qe1 e3 34. Rf1
e2+ 0-1

[Event "5. OPEN International Championship of Vo"]
[Site "Novi Sad"]
[Date "2014.07.16"]
[Round "6.18"]
[White "Liou, Yian"]
[Black "Banovic, Ivan"]
[Result "1-0"]
[WhiteElo "2387"]
[BlackElo "2197"]
[PlyCount "51"]
[EventDate "2014.07.12"]

1. e4 e6 2. d3 c5 3. Nf3 d5 4. exd5 exd5 5. d4 Nc6 6. Be2 Nf6 7. O-O Be7 8.
dxc5 Bxc5 9. Bg5 Be6 10. Nbd2 O-O 11. Nb3 Bd6 12. c3 h6 13. Bh4 Be7 14. Nfd4
Rc8 15. Re1 Ne4 16. Bxe7 Qxe7 17. Bd3 Nd6 18. Bc2 Nxd4 19. Nxd4 Qd7 20. Qd3
Rfe8 21. Qh7+ Kf8 22. Qh8+ Ke7 23. Qxg7 Kd8 24. Qxh6 Kc7 25. Qf4 Rg8 26. Ba4
1-0

[Event "5. OPEN International Championship of Vo"]
[Site "Novi Sad"]
[Date "2014.07.16"]
[Round "6.19"]
[White "Burovic, Ismet"]
[Black "Meszaros, Andras"]
[Result "1-0"]
[WhiteElo "2366"]
[BlackElo "2250"]
[PlyCount "65"]
[EventDate "2014.07.12"]

1. e4 e6 2. d3 d5 3. Nd2 c5 4. g3 Nc6 5. Bg2 g6 6. h4 h6 7. Ne2 Bg7 8. f4 Nge7
9. h5 Bd7 10. Nf3 Qb6 11. c3 O-O-O 12. e5 d4 13. Qb3 dxc3 14. Qxb6 axb6 15.
bxc3 g5 16. d4 gxf4 17. gxf4 Kc7 18. Be3 Nd5 19. Bf2 Rhf8 20. Nh4 Ra8 21. c4
Ndb4 22. d5 Nc2+ 23. Kd2 Nxa1 24. Rxa1 Na5 25. Rc1 Nxc4+ 26. Rxc4 Rxa2+ 27. Rc2
Rxc2+ 28. Kxc2 exd5 29. Bxd5 Be6 30. Bxe6 fxe6 31. Ng6 Rg8 32. Nc3 Kd7 33. Bh4
1-0

[Event "5. OPEN International Championship of Vo"]
[Site "Novi Sad"]
[Date "2014.07.16"]
[Round "6.20"]
[White "Pavkov, Nebojsa"]
[Black "Pantelic, Sasa"]
[Result "0-1"]
[WhiteElo "1999"]
[BlackElo "2312"]
[PlyCount "64"]
[EventDate "2014.07.12"]

1. e4 c5 2. Nf3 d6 3. d4 cxd4 4. Nxd4 Nf6 5. Nc3 g6 6. Be3 Bg7 7. f3 O-O 8. Qd2
Nc6 9. O-O-O d5 10. exd5 Nxd5 11. Nxc6 bxc6 12. Bd4 e5 13. Bc5 Be6 14. Bc4 Re8
15. Nxd5 cxd5 16. Bxd5 Bxd5 17. Qxd5 Qc7 18. Bd6 Qb6 19. Qc5 Qa6 20. Kb1 Rac8
21. Qf2 Re6 22. Ba3 Rec6 23. Rd3 h5 24. Qe2 Kh7 25. c3 Rxc3 26. bxc3 Rxc3 27.
Re3 Qb6+ 28. Bb2 Rxe3 29. Qd2 e4 30. fxe4 Rxe4 31. Rc1 Bxb2 32. Qxb2 Rh4 0-1

[Event "5. OPEN International Championship of Vo"]
[Site "Novi Sad"]
[Date "2014.07.16"]
[Round "6.21"]
[White "Stojanovic, Andjelija"]
[Black "Jovicic, Radosav"]
[Result "1/2-1/2"]
[WhiteElo "2306"]
[BlackElo "2141"]
[PlyCount "34"]
[EventDate "2014.07.12"]

1. d4 g6 2. e4 Bg7 3. Nc3 d6 4. h3 Nf6 5. Nf3 O-O 6. Be3 c6 7. a4 a5 8. Be2 Na6
9. O-O Nb4 10. Nd2 Nd7 11. Bc4 d5 12. exd5 cxd5 13. Nxd5 Nxd5 14. Bxd5 Nb6 15.
Bf3 Bxd4 16. Nc4 Bxe3 17. Nxe3 Qc7 1/2-1/2

[Event "5. OPEN International Championship of Vo"]
[Site "Novi Sad"]
[Date "2014.07.16"]
[Round "6.22"]
[White "Velikic, Adela"]
[Black "Cabarkapa, Novak"]
[Result "0-1"]
[WhiteElo "2107"]
[BlackElo "2386"]
[PlyCount "64"]
[EventDate "2014.07.12"]

1. e4 e6 2. d3 d5 3. Nd2 a5 4. Ngf3 a4 5. a3 Nc6 6. g3 Nf6 7. Bg2 dxe4 8. dxe4
e5 9. O-O Bc5 10. Qe2 b6 11. b4 axb3 12. Nxb3 Ba6 13. c4 O-O 14. Bb2 Qe7 15.
Rfd1 Bc8 16. Nxc5 bxc5 17. Ne1 Nd4 18. Bxd4 cxd4 19. Nd3 Nd7 20. Bh3 Nc5 21.
Bxc8 Rfxc8 22. Nxc5 Qxc5 23. a4 Rcb8 24. Rdb1 Rb4 25. Rxb4 Qxb4 26. Qc2 g6 27.
Kf1 Ra6 28. Ke2 Rc6 29. Kd3 f5 30. Rb1 fxe4+ 31. Kxe4 Qf8 32. Kxe5 Qc5+ 0-1

[Event "5. OPEN International Championship of Vo"]
[Site "Novi Sad"]
[Date "2014.07.16"]
[Round "6.23"]
[White "Ratkovic, Miloje"]
[Black "Kozomora, Dragan"]
[Result "1-0"]
[WhiteElo "2383"]
[BlackElo "2105"]
[PlyCount "81"]
[EventDate "2014.07.12"]

1. d4 Nf6 2. c4 c5 3. d5 b5 4. cxb5 a6 5. b6 Qxb6 6. Nc3 g6 7. e4 d6 8. Be2 Bg7
9. Nf3 O-O 10. Nd2 Bd7 11. O-O Bb5 12. a4 Bxe2 13. Qxe2 Nbd7 14. Nc4 Qc7 15. a5
Rfe8 16. Rd1 Rad8 17. h3 e5 18. dxe6 Rxe6 19. Bf4 Ne8 20. Qc2 Ndf6 21. Nb6 Rb8
22. Ncd5 Nxd5 23. exd5 Re7 24. Ra4 f5 25. b4 Bd4 26. bxc5 Bxc5 27. Rc4 Rd8 28.
Bg5 Re5 29. Bxd8 Qxd8 30. Na4 Ba7 31. Qd2 Qe7 32. Nb6 g5 33. Nc8 Qg7 34. Nxa7
Qxa7 35. Qxg5+ Kf7 36. Rh4 Nf6 37. Rf4 Qd7 38. g4 Nxd5 39. Rxf5+ Rxf5 40. Qxf5+
Qxf5 41. gxf5 1-0

[Event "5. OPEN International Championship of Vo"]
[Site "Novi Sad"]
[Date "2014.07.16"]
[Round "6.24"]
[White "Popchev, Milko"]
[Black "Petrusic, Velimir"]
[Result "1/2-1/2"]
[WhiteElo "2331"]
[BlackElo "2104"]
[PlyCount "20"]
[EventDate "2014.07.12"]

1. Nf3 Nf6 2. d4 d6 3. g3 Nbd7 4. Bg2 e5 5. dxe5 dxe5 6. O-O Be7 7. c4 O-O 8.
Nc3 c6 9. b3 Re8 10. Bb2 Bf8 1/2-1/2

[Event "5. OPEN International Championship of Vo"]
[Site "Novi Sad"]
[Date "2014.07.16"]
[Round "6.25"]
[White "Iveljic, Igor"]
[Black "Tisma, Ivan"]
[Result "1/2-1/2"]
[WhiteElo "2294"]
[BlackElo "2095"]
[PlyCount "190"]
[EventDate "2014.07.12"]

1. d4 Nf6 2. Nc3 d5 3. Bg5 e6 4. e4 dxe4 5. Nxe4 Nbd7 6. Nf3 Be7 7. Nxf6+ Nxf6
8. Bd3 a6 9. Qe2 c5 10. dxc5 Qa5+ 11. c3 Qxc5 12. O-O Bd7 13. Ne5 Rd8 14. Rad1
Bc6 15. Nxc6 Qxc6 16. Qc2 h6 17. Bxf6 gxf6 18. Be4 Qc8 19. Rxd8+ Kxd8 20. Qd2+
Kc7 21. Qf4+ Kb6 22. Rd1 Rd8 23. Rxd8 Qxd8 24. g3 f5 25. Bf3 Bf8 26. Qe3+ Kc7
27. Bh5 Qf6 28. Qf4+ Bd6 29. Qc4+ Kb8 30. Bf3 Qe7 31. a4 f6 32. Qh4 Qf8 33. Qh5
Kc7 34. Qg6 a5 35. Qh7+ Be7 36. Kg2 b6 37. Qg6 Bd6 38. Qh5 Kd7 39. Qh4 f4 40.
Qh5 f5 41. Be2 fxg3 42. hxg3 Be5 43. Qf3 Qb8 44. Bb5+ Ke7 45. Qh5 Qf8 46. Qe2
Qb8 47. Bc4 Qd6 48. Qf3 Qc7 49. Qd3 Bg7 50. Qe2 Qc6+ 51. Kg1 Qc8 52. Bb5 Qd8
53. Qh5 Qf8 54. Qg6 Bf6 55. Qh5 Bg7 56. Qf3 Qb8 57. Qc6 Qd8 58. Bc4 Qd6 59.
Qb7+ Kf6 60. Qc8 Kf7 61. Be2 Qe7 62. Bh5+ Kf6 63. Qc6 Qd8 64. Qb7 Bf8 65. Qf7+
Ke5 66. Bf3 Qe7 67. Qh5 Kf6 68. Qh4+ Kg6 69. Bh5+ Kh7 70. Qd4 Qg5 71. Qd7+ Qe7
72. Qc8 Kg7 73. Qb8 Qc5 74. Qe8 Kf6 75. Qf7+ Ke5 76. Kg2 Qe7 77. Qg6 Kd6 78.
Bf3 Bg7 79. b4 Bxc3 80. bxa5 bxa5 81. Qxh6 Qg7 82. Qh4 Qf6 83. Qc4 Bb4 84. Qc6+
Ke7 85. Qb7+ Kf8 86. Bc6 Qf7 87. Qc8+ Kg7 88. Bd7 Kf6 89. Qd8+ Kg7 90. f4 Qh5
91. Bb5 Qf7 92. Qc8 Qe7 93. Bc4 Kf7 94. Qh8 Qf6 95. Qh5+ Kf8 1/2-1/2

[Event "5. OPEN International Championship of Vo"]
[Site "Novi Sad"]
[Date "2014.07.16"]
[Round "6.26"]
[White "Ljubinkovic, Miodrag"]
[Black "Kolompar, Ivan"]
[Result "1-0"]
[WhiteElo "2254"]
[BlackElo "2075"]
[PlyCount "107"]
[EventDate "2014.07.12"]

1. d4 d5 2. Nf3 Nf6 3. c3 c6 4. Bf4 Bf5 5. h3 h6 6. Nbd2 Nbd7 7. e3 e6 8. Be2
Be7 9. g4 Bh7 10. Ne5 Ne4 11. Nxe4 Bxe4 12. Rg1 Nxe5 13. Bxe5 Bf6 14. Bg3 Bh4
15. Bd3 Bxg3 16. Rxg3 Bxd3 17. Qxd3 Qd6 18. e4 dxe4 19. Qxe4 Qd5 20. f3 O-O-O
21. a3 Qb3 22. Rg2 Rhe8 23. Re2 h5 24. g5 Rd5 25. f4 g6 26. Kf2 Red8 27. Rae1
R8d7 28. Qc2 Qb6 29. b4 Qc7 30. Re5 b6 31. Kg3 c5 32. Rxd5 Rxd5 33. dxc5 Rxg5+
34. Kf3 Rf5 35. Qe4 g5 36. Qa8+ Kd7 37. Rd1+ Ke7 38. Rd4 bxc5 39. bxc5 Rxf4+
40. Ke3 Rxd4 41. cxd4 Qg3+ 42. Kd2 Qf2+ 43. Kc3 Qe3+ 44. Kc4 Qc1+ 45. Kb5 Qb2+
46. Ka6 Qxa3+ 47. Kb7 Qb4+ 48. Kc8 Qxd4 49. Qb7+ Ke8 50. Qc6+ Ke7 51. Qc7+ Ke8
52. Qd6 Qf6 53. c6 g4 54. c7 1-0

[Event "5. OPEN International Championship of Vo"]
[Site "Novi Sad"]
[Date "2014.07.16"]
[Round "6.27"]
[White "Musicki, Stevan"]
[Black "Wilschut, Peter"]
[Result "1/2-1/2"]
[WhiteElo "2101"]
[BlackElo "2250"]
[PlyCount "97"]
[EventDate "2014.07.12"]

1. d4 Nf6 2. c4 b6 3. Nc3 Bb7 4. f3 Nc6 5. d5 Ne5 6. Qd4 Ng6 7. e4 e5 8. Qf2
Bc5 9. Be3 Bxe3 10. Qxe3 d6 11. g3 O-O 12. Bd3 Nd7 13. h4 Ne7 14. Nge2 c6 15.
g4 cxd5 16. cxd5 a6 17. h5 b5 18. h6 g6 19. f4 f6 20. f5 Nc5 21. fxg6 hxg6 22.
Bc2 Kh7 23. b4 Nd7 24. a4 bxa4 25. Nxa4 g5 26. Ng3 Rf7 27. Kf2 Nf8 28. Nf5 Nfg6
29. Ng7 Nf4 30. Ne6 Nxe6 31. dxe6 Rf8 32. Nb6 Nc6 33. Nxa8 Nd4 34. Ba4 f5 35.
gxf5 Nxf5 36. exf5 Rxf5+ 37. Ke2 Bf3+ 38. Qxf3 Rxf3 39. Kxf3 Qxa8+ 40. Kg3 Qe4
41. e7 Qd3+ 42. Kf2 Qd2+ 43. Kf1 Qd3+ 44. Ke1 Qc3+ 45. Ke2 Qc4+ 46. Kd1 Qd4+
47. Kc2 Qc4+ 48. Kd1 Qd4+ 49. Kc2 1/2-1/2

[Event "5. OPEN International Championship of Vo"]
[Site "Novi Sad"]
[Date "2014.07.16"]
[Round "6.28"]
[White "Kumic, Filip"]
[Black "Dermisek, Stipa"]
[Result "1-0"]
[WhiteElo "2248"]
[BlackElo "2051"]
[PlyCount "121"]
[EventDate "2014.07.12"]

1. Nf3 Nf6 2. d4 g6 3. c4 Bg7 4. Nc3 O-O 5. e4 d6 6. h3 Na6 7. Be3 c5 8. d5 e6
9. Bd3 Nc7 10. O-O b5 11. dxe6 Bxe6 12. cxb5 Qe7 13. Rc1 Rac8 14. Re1 d5 15.
exd5 Ncxd5 16. Nxd5 Nxd5 17. Bg5 Bf6 18. Bxf6 Qxf6 19. Bc4 Rfd8 20. Qb3 Nf4 21.
Bxe6 Nxe6 22. Qc3 Qf4 23. b3 Rd5 24. a4 Rcd8 25. Qe3 Qd6 26. Ne5 Nd4 27. Nc4
Qf6 28. Qe7 Qf4 29. Ne3 R5d7 30. Qxc5 Nxb3 31. Qc4 Qxc4 32. Rxc4 Rd4 33. Rb1
Rxc4 34. Nxc4 Rd4 35. Rxb3 Rxc4 36. a5 Rc7 37. b6 axb6 38. axb6 Rb7 39. Kf1 Kf8
40. Ke2 Ke8 41. Ke3 Kd8 42. Kf4 f6 43. Ke4 Kc8 44. g4 Rd7 45. b7+ Kb8 46. f4
Rd6 47. f5 gxf5+ 48. Kxf5 Rc6 49. h4 Rd6 50. h5 Rc6 51. Re3 h6 52. Rb3 Rc4 53.
Rb6 Rc5+ 54. Kxf6 Rg5 55. Rb4 Rg8 56. Kf5 Rg5+ 57. Kf4 Rc5 58. Rb6 Rc4+ 59. Kg3
Rc3+ 60. Kh4 Rc5 61. Rxh6 1-0

[Event "5. OPEN International Championship of Vo"]
[Site "Novi Sad"]
[Date "2014.07.16"]
[Round "6.29"]
[White "Kollari, Sulejman"]
[Black "Budimir, Boris"]
[Result "0-1"]
[WhiteElo "2104"]
[BlackElo "2244"]
[PlyCount "56"]
[EventDate "2014.07.12"]

1. e4 c5 2. Nf3 Nc6 3. d4 cxd4 4. Nxd4 Nf6 5. Nc3 e6 6. a3 d6 7. Be3 Be7 8. Be2
O-O 9. O-O a6 10. Kh1 Qc7 11. f4 Bd7 12. Bd3 Nxd4 13. Bxd4 e5 14. Be3 Bc6 15.
Qf3 Rad8 16. fxe5 dxe5 17. Qg3 Kh8 18. Rf5 Bd7 19. Rf3 Be6 20. Raf1 Rde8 21.
Bg5 Nh5 22. Qh4 Nf4 23. Nd5 Bxd5 24. exd5 Nxd3 25. Rh3 h6 26. cxd3 Qd8 27. Rf5
Bxg5 28. Rxg5 Qf6 0-1